| 000 -LEADER |
| fixed length control field |
01374cam a2200337 i 4500 |
| 001 - CONTROL NUMBER |
| control field |
(Sirsi) a1162848 |
| 003 - CONTROL NUMBER IDENTIFIER |
| control field |
OSt |
| 005 - DATE AND TIME OF LATEST TRANSACTION |
| control field |
20230112170735.0 |
| 008 - FIXED-LENGTH DATA ELEMENTS--GENERAL INFORMATION |
| fixed length control field |
210308t20192019caua b 000 0 eng d |
| 020 ## - INTERNATIONAL STANDARD BOOK NUMBER |
| International Standard Book Number |
9781786036339 |
| Qualifying information |
(hardcover) : |
| 040 ## - CATALOGING SOURCE |
| Original cataloging agency |
ESL |
| Language of cataloging |
eng |
| Transcribing agency |
TAE |
| Modifying agency |
TAE |
| -- |
KH8 |
| Description conventions |
rda |
| 042 ## - AUTHENTICATION CODE |
| Authentication code |
nbic |
| 082 0# - DEWEY DECIMAL CLASSIFICATION NUMBER |
| Classification number |
629.4 CLA |
| 100 1# - MAIN ENTRY--PERSONAL NAME |
| Personal name |
Clark, Neil, |
| Dates associated with a name |
1981 June 4- |
| Relator term |
author, |
| -- |
illustrator. |
| 245 14 - TITLE STATEMENT |
| Title |
The book of space rockets / |
| Statement of responsibility, etc. |
by Neil Clark. |
| 246 30 - VARYING FORM OF TITLE |
| Title proper/short title |
Space rockets. |
| 264 #1 - PRODUCTION, PUBLICATION, DISTRIBUTION, MANUFACTURE, AND COPYRIGHT NOTICE |
| Place of production, publication, distribution, manufacture |
Lake Forest, CA : |
| Name of producer, publisher, distributor, manufacturer |
QEB Publishing, |
| Date of production, publication, distribution, manufacture, or copyright notice |
[2019] |
| 264 #4 - PRODUCTION, PUBLICATION, DISTRIBUTION, MANUFACTURE, AND COPYRIGHT NOTICE |
| Date of production, publication, distribution, manufacture, or copyright notice |
©2019. |
| 300 ## - PHYSICAL DESCRIPTION |
| Extent |
23 pages : |
| Other physical details |
color illustrations ; |
| Dimensions |
21 cm. |
| 336 ## - CONTENT TYPE |
| Content type term |
text |
| Content type code |
txt |
| Source |
rdacontent. |
| 336 ## - CONTENT TYPE |
| Content type term |
still image |
| Content type code |
sti |
| Source |
rdacontent. |
| 337 ## - MEDIA TYPE |
| Media type term |
unmediated |
| Media type code |
n |
| Source |
rdamedia. |
| 338 ## - CARRIER TYPE |
| Carrier type term |
volume |
| Carrier type code |
nc |
| Source |
rdacarrier. |
| 490 0# - SERIES STATEMENT |
| Series statement |
Clever COGZ. |
| 520 ## - SUMMARY, ETC. |
| Summary, etc. |
"How does a space rocket work? Clever Cogz knows the answer! Join Cogz the robot dog to discover all about rockets and other amazing space vehicles. Introducing physics and engineering topics in a fun and simple way, young readers will learn all about their favorite space machines and how they work"--Back cover. |
| 521 1# - TARGET AUDIENCE NOTE |
| Target audience note |
Ages 5-7. |
| 650 #0 - SUBJECT ADDED ENTRY--TOPICAL TERM |
| Topical term or geographic name entry element |
Launch vehicles (Astronautics) |
| Form subdivision |
Juvenile literature. |
| 650 #0 - SUBJECT ADDED ENTRY--TOPICAL TERM |
| Topical term or geographic name entry element |
Rockets (Aeronautics) |
| Form subdivision |
Juvenile literature. |
| 650 #0 - SUBJECT ADDED ENTRY--TOPICAL TERM |
| Topical term or geographic name entry element |
Space vehicles |
| Form subdivision |
Juvenile literature. |
| 942 ## - ADDED ENTRY ELEMENTS (KOHA) |
| Source of classification or shelving scheme |
|
| Koha item type |
Books - Non Ficton |